书目信息 |
| 题名: |
中国哲学概论
|
|
| 作者: | 胡伟希 著 | |
| 分册: | ||
| 出版信息: | 北京 北京大学出版社 2005 |
|
| 页数: | 282页 | |
| 开本: | 23cm | |
| 丛书名: | ||
| 单 册: | ||
| 中图分类: | B2 | |
| 科图分类: | ||
| 主题词: | 哲学--概论--中国 , 哲学 | |
| 电子资源: | ||
| ISBN: | 7-301-08210-X | |
| 000 | 00808nam0 2200253 450 | |
| 001 | 012007697643 | |
| 005 | 20070522165827.09 | |
| 010 | @a7-301-08210-X@dCNY24.00 | |
| 100 | @a20070515d2005 km y0chiy0120 ea | |
| 101 | 0 | @achi |
| 102 | @aCN@b110000 | |
| 105 | @ay z 000yy | |
| 106 | @ar | |
| 200 | 1 | @a中国哲学概论@Azhong guo zhe xue gai lun@f胡伟希著@Fhu wei xi zhu |
| 210 | @a北京@c北京大学出版社@d2005 | |
| 215 | @a282页@d23cm | |
| 300 | @a大学文科基本用书·哲学 | |
| 330 | @a本书以“道”为中心,对中国哲学的基本性格进行梳理和分析。全书共分十二章,包括:导论、孔子:“仁者爱人”与“中庸”之德、荀子:“隆礼”与“天人相分”等内容。 | |
| 606 | 0 | @a哲学@x概论@y中国 |
| 606 | 0 | @a哲学 |
| 690 | @aB2@v4 | |
| 701 | 0 | @a胡伟希@Ahu wei xi@4著 |
| 801 | 0 | @aCN@bRULIN@c20070522 |
| 905 | @dB2@e123@s8 | |
| 中国哲学概论/胡伟希著.-北京:北京大学出版社,2005 |
| 282页;23cm |
| 大学文科基本用书·哲学 |
| ISBN 7-301-08210-X:CNY24.00 |
| 本书以“道”为中心,对中国哲学的基本性格进行梳理和分析。全书共分十二章,包括:导论、孔子:“仁者爱人”与“中庸”之德、荀子:“隆礼”与“天人相分”等内容。 |
| ● |
| 相关链接 |
|
|
|
|
正题名:中国哲学概论
索取号:B2/123
 
预约/预借
| 序号 | 登录号 | 条形码 | 馆藏地/架位号 | 状态 | 备注 |
| 1 | 0579621 | 205796218 | 第一样本阅览室/ [索取号:B2/123] | 在馆 | |
| 2 | 0579622 | 205796227 | 教育系资料室/ [索取号:B2/123] | 在馆 | |
| 3 | 0579623 | 205796236 | 第一借阅区/ [索取号:B2/123] | 在馆 | |
| 4 | 0579624 | 205796245 | 教育系资料室/ [索取号:B2/123] | 在馆 | |
| 5 | 0579625 | 205796254 | 第一借阅区/ [索取号:B2/123] | 在馆 | |
| 6 | 0579626 | 205796263 | 第一借阅区/ [索取号:B2/123] | 在馆 | |
| 7 | 0579627 | 205796272 | 教育系资料室/ [索取号:B2/123] | 在馆 | |
| 8 | 0579628 | 205796281 | 第一借阅区/ [索取号:B2/123] | 在馆 |